| 000 | 00000nam##2200000za#4500 |
| 001 | 9.695573 |
| 003 | CaOODSP |
| 005 | 20210624234634 |
| 007 | cr ||||||||||| |
| 008 | 150407|1998||||xxc|||||o f|0| 0 eng|d |
| 040 | |aCaOODSP|beng |
| 043 | |an-cn--- |
| 086 | 1 |aF1-23/1998-5E-PDF |
| 110 | 1 |aCanada. |bDepartment of Finance. |
| 245 | 14|aThe Canadian opportunities strategy |h[electronic resource] |
| 246 | 1 |iAt head of title : |aBudget 1998 - building Canada for the 21st century |
| 260 | |aOttawa - Ontario : |bFinance Canada |cFebruary 1998. |
| 300 | |a48p.|bgraphs, tables |
| 500 | |aThe catalogue number (F1-23/1998-5E) and ISBN (0-662-26570-X) for the print edition have been incorrectly copied in this electronic publication. |
| 590 | |a12-13-Supp|b2012-04-03 |
| 690 | 07|aBudgets|2gcpds |
| 690 | 07|aEducational funding|2gcpds |
| 690 | 07|aScholarships|2gcpds |
| 690 | 07|aStudent loans|2gcpds |
| 775 | 08|tStratégie canadienne pour l'égalité des chances |w(CaOODSP)9.639706 |
| 856 | 40|ahttp://publications.gc.ca|qPDF|s166 KB|uhttps://publications.gc.ca/collections/collection_2012/fin/F1-23-1998-5-eng.pdf |